000 00621nam a22002417a 4500
003 UA-OsUOA
001 129431
007 ta
008 20180302b un ||||| |||| 00| 0 ukr d
100 _aМакгонігал К.
090 _a159.947
_bМ15
942 _cBK
040 _aUA-OsUOA
_bukr
_cUA-OsUOA
_dUA-OsUOA
245 _aСила волі: шлях до влади над собою
300 _a254 с.
955 _a1
041 _aukr
080 _a159.947
020 _a978-617-7513-32-1
260 _aК.
_bНаш формат
_c2017
650 7 _a159.9 Психологія
_2UDC
999 _c417286
_d417286